000 00485nam a22001937a 4500
003 NUST - PNEC
005 20170116180800.0
008 150414b xxu||||| |||| 00| 0 eng d
020 _a8120721640
040 _cLIBRARY
082 _a 428 VAS
100 _92467
_aVas, Gratian
245 _aWord perfect
_cGratian Vas
250 _a-
260 _aIndia:
_bNew Delhi,
_cc1990.
300 _a256 p.:
_c22 cm
650 _92469
_aEnglish language, Grmmer
_xGeneral
942 _2ddc
_cBK
999 _c62932
_d62932